01598cam a2200313 a 4500001000800000005001700008008004100025010001700066020004000083020004900123041001300172043001200185050002200197100002400219240003800243245023500281260004200516300004100558500021900599500011200818504005100930600006700981650004801048650004801096650006401144710002801208710002201236710002601258166941620170204094221.0980309s1998 gw a bc 000 0 eng  a 98011584  a3791319299 (cloth : acidfree paper) a0916724972 (pbk. not available to the trade)1 aenghger ae-gx---00aNC249 .S4813 19981 aSieveking, Hinrich.10aVon Füssli bis Menzel.lEnglish10aFuseli to Menzel :bdrawings and watercolors in the age of Goethe from a German private collection /cHinrich Sieveking ; [translated from the German by Thomas Dunlap (essays and catalogue entries) and John Gabriel (biographies)]. aMunich ;aNew York :bPrestel,c1998. a232 p. :bill. (some col.) ;c31 cm. aExhibition held at Busch-Reisinger Museum, Cambridge, from Apr. 4 to June 7, 1998, the Frick Collection, New York, June 23 to Aug. 30, 1998, and the J. Paul Getty Museum, Los Angeles from Sept. 15 to Nov. 29, 1998. a"In cooperation with the Busch-Reisinger Museum, Harvard University Art Museums, Cambridge, Massachusetts". aIncludes bibliographical references and index.10aWinterstein, Alfred,d1895-1976xArt collectionsvExhibitions. 0aDrawing, Germany18th centuryvExhibitions. 0aDrawing, Germany19th centuryvExhibitions. 0aDrawingxPrivate collectionszGermanyzMunichvExhibitions.2 aBusch-Reisinger Museum.2 aFrick Collection.2 aJ. Paul Getty Museum.